Animals in USA States flags by picture - Statistics

General Stats
  • This quiz has been taken 83 times
  • The average score is 9 of 21
Answer Stats
Picture Answer % Correct
California
87%
Wyoming
81%
Louisiana
63%
Oregon
61%
South Dakota
55%
Pennsylvania
49%
Michigan
45%
New York
45%
Illinois
43%
Delaware
39%
Idaho
39%
Maine
39%
New Jersey
39%
Vermont
37%
Iowa
36%
Missouri
36%
Utah
36%
North Dakota
33%
Kansas
28%
Wisconsin
28%
Minnesota
27%
No matching quizzes found
Score Distribution
Percent of People with Each Score
Percentile by Number Answered
Your Score History
You have not taken this quiz